000 00695nam a2200205 a 4500
003 PILC
005 20150112093432.0
008 100717s19uu xx 00 eng d
020 _a0205308406
050 _aQP 360
_b.C35 2001
082 _aHsSF 612.8
_bC35 2001
100 _aCarlson, Neil R.
_912294
245 _aPhysiology of behavior /
250 _a7th ed. ed.
260 _aNeedham Heights, Massachusetts :
_bAllyn and Bacon: A Pearson Education Company,
_c2001.
300 _a699 pages :
_bcolored illustration ;
_c26 cm.
650 _aPsychophysiology
_xNervous System Physiology
_xBehavior -Physiology
_912295
650 _aNervous System-anatomy & histology
_912296
942 _2lcc
_cBK
999 _c14421
_d14421